LIBRARY & INFORMATION CENTRE, KCAET, TAVANUR

ONLINE PUBLIC ACCESS CATALOGUE (OPAC)

Oilseed Production : Constraints and Opportunities / (Record no. 1417)

MARC details
000 -LEADER
fixed length control field 00478cam a2200169ua 4500
020 ## - INTERNATIONAL STANDARD BOOK NUMBER
ISBN 81-204-0014-3
082 ## - DEWEY DECIMAL CLASSIFICATION NUMBER
Classification number 633.85
Item number SRI/OI
100 ## - MAIN ENTRY--AUTHOR NAME
Personal name Srivastava, H C.
245 00 - TITLE STATEMENT
Title Oilseed Production : Constraints and Opportunities /
250 ## - EDITION STATEMENT
Edition statement 1 /
260 ## - PUBLICATION, DISTRIBUTION, ETC. (IMPRINT)
Place of publication New Delhi :
Name of publisher Oxford & IBH Publishing Company ,
Year of publication 1985.
300 ## - PHYSICAL DESCRIPTION
Number of Pages 700 ; .
700 1# - ADDED ENTRY--PERSONAL NAME
Personal name Bhartendu, Vatsya .
700 1# - ADDED ENTRY--PERSONAL NAME
Personal name Bhaskaran, S .
700 1# - ADDED ENTRY--PERSONAL NAME
Personal name Menon, K K G .
942 ## - ADDED ENTRY ELEMENTS (KOHA)
Koha item type Books
Holdings
Withdrawn status Lost status Damaged status Home library Current library Date acquired Full call number Accession Number Koha item type
      KAUAET KAUAET 28/03/1987 633.85 16321 Books
free website counter